MANUFACTRING TECHNOLOGY (Record no. 25809)
[ view plain ]
| 000 -LEADER | |
|---|---|
| fixed length control field | 00285nam a22001337a 4500 |
| 003 - CONTROL NUMBER IDENTIFIER | |
| control field | SGT |
| 020 ## - INTERNATIONAL STANDARD BOOK NUMBER | |
| International Standard Book Number | 9789353160500 |
| 100 ## - MAIN ENTRY--PERSONAL NAME | |
| Personal name | RAO,P.N. |
| 245 ## - TITLE STATEMENT | |
| Title | MANUFACTRING TECHNOLOGY |
| 250 ## - EDITION STATEMENT | |
| Edition statement | 4th |
| 260 ## - PUBLICATION, DISTRIBUTION, ETC. (IMPRINT) | |
| Place of publication, distribution, etc | CHENNAI |
| Name of publisher, distributor, etc | MC GRAW HILL EDUCATION |
| Year of Publication | 2023 |
| 300 ## - PAGE DESCRIPTION | |
| No. of Pages | 1.14 |
| 942 ## - ADDED ENTRY ELEMENTS (KOHA) | |
| Source of classification or shelving scheme | Dewey Decimal Classification |
| Koha item type | Books |
No items available.